000 00464nam a22001697a 4500
020 _a8126505044
082 _222
_a005.7222
100 _aUllman, Chris...[et al.].
245 _aBeginning ASP.NET 1.1 with visual C# net 2003 /
260 _aNew Delhi,
_bWiley India,
_cc2006.
300 _axxiv, 862 p. ;
_bill. ;
_c24 cm.
700 _aKawffman, John.
700 _aHart, Chris.
700 _aSussman, David.
700 _aMaharry, Daniel.
942 _2ddc
_cIT
_04
999 _c343
_d343